000 00552nam a2200241Ia 4500
008 161109s9999||||xx |||||||||||||| ||und||
040 _cEnglish
082 _aV / Doniger
082 _bBORI-72989
245 4 _aThe Laws of Manu
260 _aNew Zealand
260 _c1991
300 _alxxviii + 362
300 _cB
300 _ePaperback
530 _u000072989.Pdf
563 _aStudy
630 _aThe Laws of Manu
650 _aDharmashastra
650 _aDharmashastra Study
730 _aThe Laws of Manu
942 _cBOOK
999 _c1406087
_d1406084